Modern land law (Record no. 106327)
[ view plain ]
| 000 -LEADER | |
|---|---|
| fixed length control field | 01373cam a2200265 4500 |
| 001 - CONTROL NUMBER | |
| control field | L136132 |
| 008 - FIXED-LENGTH DATA ELEMENTS--GENERAL INFORMATION | |
| fixed length control field | 070112n2006 000 0 eng u |
| 020 ## - INTERNATIONAL STANDARD BOOK NUMBER | |
| International Standard Book Number | 0199277907 |
| -- | 9780199277902 |
| 035 ## - SYSTEM CONTROL NUMBER | |
| System control number | (Sirsi) u136132 |
| 041 0# - LANGUAGE CODE | |
| Language code of text/sound track or separate title | eng |
| 050 04 - LIBRARY OF CONGRESS CALL NUMBER | |
| Classification number | 346.41043 $2 18 |
| 100 1# - MAIN ENTRY--PERSONAL NAME | |
| Personal name | Thompson, Mark P. |
| 245 00 - TITLE STATEMENT | |
| Title | Modern land law |
| 260 ## - PUBLICATION, DISTRIBUTION, ETC. | |
| Place of publication, distribution, etc. | Oxford |
| Name of publisher, distributor, etc. | Oxford University Press |
| Date of publication, distribution, etc. | 2006 |
| 300 ## - PHYSICAL DESCRIPTION | |
| Extent | xlvi, 571p. |
| Dimensions | 25cm. |
| 505 2# - FORMATTED CONTENTS NOTE | |
| Formatted contents note | The scope of the subject -- Tenure and estates -- Law and equity -- The 1925 legislation -- Registration of title -- The transfer of freehold land -- Possessory titles -- Consecutive and concurrent interests in land -- Acquisitions of interests in the home -- The legal framework of co-ownership -- Leasehold estates -- Mortgages -- Easements -- Convenants between freeholders -- Licences and estoppel |
| 520 ## - SUMMARY, ETC. | |
| Summary, etc. | Discusses the law and rights in the usage, occupancy and ownership of land. Considers the historical basis of the law, how the law has evolved since the Land Registration Act 1925, and the social context within which the law operates. |
| 590 ## - LOCAL NOTE (RLIN) | |
| Local note | KA |
| 650 24 - SUBJECT ADDED ENTRY--TOPICAL TERM | |
| Topical term or geographic name entry element | LAND REGISTRATION ACT 2002 |
| 650 24 - SUBJECT ADDED ENTRY--TOPICAL TERM | |
| Topical term or geographic name entry element | LAND REGISTRATION ACT 1925 |
| 651 #4 - SUBJECT ADDED ENTRY--GEOGRAPHIC NAME | |
| Geographic name | England and Wales |
| Chronological subdivision | 1543- |
| 690 ## - LOCAL SUBJECT ADDED ENTRY--TOPICAL TERM (OCLC, RLIN) | |
| Topical term or geographic name as entry element | PROPERTY-PROPERTY ACQUISITION AND DISPOSAL-REGISTRATION OF TITLE TO PROPERTY-LAND REGISTRATION |
| 942 ## - ADDED ENTRY ELEMENTS (KOHA) | |
| Suppress in OPAC | 0 |
| Withdrawn status | Lost status | Source of classification or shelving scheme | Damaged status | Not for loan | Home library | Current library | Shelving location | Date acquired | Cost, normal purchase price | Total Checkouts | Full call number | Barcode | Date last seen | Date last checked out | Copy number | Cost, replacement price | Price effective from | Koha item type |
|---|---|---|---|---|---|---|---|---|---|---|---|---|---|---|---|---|---|---|
| Dewey Decimal Classification | London | London | Books | 05/02/2007 | 27.99 | 12 | 346.41043 THO | 30073603 | 06/08/2019 | 11/12/2009 | 1 | 27.99 | 06/08/2019 | Book |